Camino al futuro

Guardat en:
Dades bibliogràfiques
Autor principal: Gates, Bill (Autor)
Format: Llibre
Idioma:espanyol
Publicat: Madrid McGraw Hill Interamericana 1995
Edició:1a. ed
Matèries:
Etiquetes: Afegir etiqueta
Sense etiquetes, Sigues el primer a etiquetar aquest registre!

MARC

LEADER 00000nam a2200000 a 4500
001 UCT5833
003 CL-VaPUC
008 961223e19950000SP |||||||||||||||||spa|d
020 |a 8448102665 
082 0 4 |a 384.3  |b GAT  |2 21 
100 0 |a Gates, Bill  |e author  |9 254821 
245 1 0 |a Camino al futuro 
250 |a 1a. ed 
300 |a 280 p 
942 |c BK 
945 |d 19961223 00:00:00  |a nastorga 
260 |a Madrid  |b McGraw Hill Interamericana  |c 1995 
650 0 |a Tecnología de la información   |9 254825 
650 7 |a COMUNICACION POR COMPUTADOR  |2 CL-VaPUC  |9 375413 
650 0 |a Informática   |9 260044 
650 0 |a Redes de información  |9 230208 
583 |a last modification  |c 19961223 00:00:00  |k Rodrigo Vera 
999 |c 254637  |d 254635 
952 |0 0  |1 0  |4 0  |6 384_300000000000000_GAT_1995  |7 0  |8 A  |9 276450  |a BIBEDU  |b BIBEDU  |d 2019-11-19  |i 3261786  |o 384.3 GAT 1995  |p 3261786  |r 2019-11-19  |w 2019-11-19  |y BK  |k EDU 
952 |0 0  |1 0  |4 0  |6 384_300000000000000_GAT_1995  |7 0  |8 A  |9 276451  |a BIBEDU  |b BIBEDU  |d 2019-11-19  |i 4693566  |o 384.3 GAT 1995  |p 4693566  |r 2019-11-19  |w 2019-11-19  |y BK  |k EBA